Historia de las fuerzas conservadoras /
Guardado en:
| Autor Principal: | |
|---|---|
| Formato: | Libro |
| Publicado: |
Buenos Aires :
Centro Editor De America Latina,
1983
|
| Series: | Bibl. Politica Argentina, 7
|
| Materias: | |
| Etiquetas: |
Agregar Etiqueta
Sin Etiquetas, Sea el primero en etiquetar este registro!
|
| LEADER | 00552nam a22001695a 4500 | ||
|---|---|---|---|
| 001 | EHU.bham002321 | ||
| 003 | AR-BHAM | ||
| 005 | 20090511163653.0 | ||
| 008 | 130507s1983##################000#0#####d | ||
| 082 | 3 | 2 | |a 329.982 |
| 100 | 1 | |a Azaretto, Roberto | |
| 245 | 1 | 0 | |a Historia de las fuerzas conservadoras / |c Roberto Azaretto. |
| 260 | |a Buenos Aires : |b Centro Editor De America Latina, |c 1983 | ||
| 300 | |a 156 p. | ||
| 490 | 0 | |a Bibl. Politica Argentina, 7 | |
| 653 | |a Partidos politicos-argentina | ||
| 859 | |a AR-BHAM |b BIB. HUMANIDADES - General |h 329.982 |i AZ16 |p 274.85 |t Ej.1 | ||
